| 000 | 00460nam a22001817a 4500 | ||
|---|---|---|---|
| 003 | NUST - PNEC | ||
| 005 | 20170116181037.0 | ||
| 008 | 150919b xxu||||| |||| 00| 0 eng d | ||
| 020 | _a8120328140 | ||
| 040 | _cLIBRARY | ||
| 082 | _a621.395 KAT | ||
| 100 |
_911468 _a Katz, Randy H |
||
| 245 |
_aContemporary logic design _cRandy H Katz |
||
| 250 | _a2nd ed. | ||
| 260 | _cc 2005 | ||
| 650 |
_99392 _aLogic design--Data processing _xMIS |
||
| 942 |
_2ddc _cBK |
||
| 999 |
_c67989 _d67989 |
||